Textbook of Food and Nutrition/ (Record no. 199340)
[ view plain ]
| 000 -LEADER | |
|---|---|
| fixed length control field | 00889nam a22002417a 4500 |
| 003 - CONTROL NUMBER IDENTIFIER | |
| control field | dpl |
| 005 - DATE AND TIME OF LATEST TRANSACTION | |
| control field | 20240328104733.0 |
| 008 - FIXED-LENGTH DATA ELEMENTS--GENERAL INFORMATION | |
| fixed length control field | 231130b |||||||| |||| 00| 0 eng d |
| 010 ## - LIBRARY OF CONGRESS CONTROL NUMBER | |
| LC control number | B-756092-97 ENG-139869 |
| 020 ## - INTERNATIONAL STANDARD BOOK NUMBER | |
| International Standard Book Number | 9788183823401 |
| Terms of availability | 350.00 |
| 035 ## - SYSTEM CONTROL NUMBER | |
| System control number | B-756092-97 |
| 035 ## - SYSTEM CONTROL NUMBER | |
| System control number | EN-123401 |
| 037 ## - SOURCE OF ACQUISITION | |
| Source of stock number/acquisition | Lotus Press |
| 040 ## - CATALOGING SOURCE | |
| Transcribing agency | 0 |
| 082 ## - DEWEY DECIMAL CLASSIFICATION NUMBER | |
| Classification number | 641.1 |
| 100 ## - MAIN ENTRY--PERSONAL NAME | |
| Relator code | Grover, Meenu |
| 245 ## - TITLE STATEMENT | |
| Title | Textbook of Food and Nutrition/ |
| Statement of responsibility, etc | By Meenu Grover |
| 260 ## - PUBLICATION, DISTRIBUTION, ETC. (IMPRINT) | |
| Place of publication, distribution, etc | New Delhi |
| Name of publisher, distributor, etc | Lotus Press |
| Date of publication, distribution, etc | 2023 |
| 270 ## - ADDRESS | |
| Address | 4735/22 , Prakash Deep Building Ansari Road, Darya Ganj, |
| City | New Delhi |
| Postal code | 110002 |
| 300 ## - PHYSICAL DESCRIPTION | |
| Extent | 272p. |
| Dimensions | 22cm(pbk) |
| 942 ## - ADDED ENTRY ELEMENTS (KOHA) | |
| Source of classification or shelving scheme | Dewey Decimal Classification |
| Koha item type | English Books |
| Classification part | 641.1 |
| Call number suffix | GRO |
| Withdrawn status | Lost status | Source of classification or shelving scheme | Damaged status | Not for loan | Collection code | Home library | Current library | Date acquired | Source of acquisition | Cost, normal purchase price | Total Checkouts | Full call number | Barcode | Date last seen | Date checked out | Copy number | Cost, replacement price | Price effective from | Koha item type |
|---|---|---|---|---|---|---|---|---|---|---|---|---|---|---|---|---|---|---|---|
| Dewey Decimal Classification | Non-fiction | Ashok Vihar | Ashok Vihar | 18/12/2023 | Lotus Press/198/27.12.23/41/23.11.23/1.12.23 | 350.00 | 641.1 GRO | B-756095 | 23/08/2025 | 4 | 350.00 | 18/12/2023 | English Books | ||||||
| Dewey Decimal Classification | Non-fiction | Bawana | Bawana | 21/03/2024 | Delivery of Books Act Division | 350.00 | 1 | 641.1 GRO | EN-123401 | 10/10/2024 | 08/10/2024 | 1 | 350.00 | 21/03/2024 | English Books | ||||
| Dewey Decimal Classification | Non-fiction | Central Library | Central Library | 18/12/2023 | Lotus Press/198/27.12.23/41/23.11.23/1.12.23 | 350.00 | 3 | 641.1 GRO | B-756092 | 03/10/2025 | 18/09/2025 | 1 | 350.00 | 18/12/2023 | English Books | ||||
| Dewey Decimal Classification | Non-fiction | Mobile Library | Mobile Library | 18/12/2023 | Lotus Press/198/27.12.23/41/23.11.23/1.12.23 | 350.00 | 641.1 GRO | B-756093 | 18/12/2023 | 2 | 350.00 | 18/12/2023 | English Books | ||||||
| Dewey Decimal Classification | Non-fiction | Mobile Library | Mobile Library | 18/12/2023 | Lotus Press/198/27.12.23/41/23.11.23/1.12.23 | 350.00 | 641.1 GRO | B-756094 | 18/12/2023 | 3 | 350.00 | 18/12/2023 | English Books | ||||||
| Dewey Decimal Classification | Non-fiction | Sarojini Nagar | Sarojini Nagar | 18/12/2023 | Lotus Press/198/27.12.23/41/23.11.23/1.12.23 | 350.00 | 1 | 641.1 GRO | B-756096 | 02/02/2024 | 19/01/2024 | 5 | 350.00 | 18/12/2023 | English Books | ||||
| Dewey Decimal Classification | Non-fiction | Shahdara Branch | Shahdara Branch | 18/12/2023 | Lotus Press/198/27.12.23/41/23.11.23/1.12.23 | 350.00 | 641.1 GRO | B-756097 | 18/12/2023 | 6 | 350.00 | 18/12/2023 | English Books |
